000 01214nam a2200205Ia 4500
003 Ost
005 20260507075139.0
008 260507s9999||||xx |||||||||||||| ||und||
020 _a8766033977
040 _cfsecg
041 _aara
082 _a330
100 _aباسيلي، مكرم عبد المسيح
_eمؤلف
245 0 _aالمعاملات المصرفية :
_bالمحاسبة والاستثمار وتحليل القوائم المالية رؤية استراتيجية /
_c مكرم عبد المسيح باسيلي
260 _aالقاهرة:
_bالمكتبة العصرية المنصورة,
_c2007
300 _a282 صفحة؛
_bإيضاحات ؛
_c24 سم
504 _aالمراجع ص.279 (اقتناءات 2014 3ن)
520 _aالتعريف بالبنوك:البنوك،البنوك التجارية،طبيع العمليات المصرفية:مصادر الأموال،أوجه الاستثمار،عرض النتائج والرقابة على الجهاز المصرفي:عرض نتائج أعمال البنوك،الإشراف والرقابة على الجهاز المصرفي،التحليل المالي للقوائم المالية في البنك
942 _cكتاب
999 _c43287
_d43287